|
|
|
|
| LEADER |
00000nam0a2200000 4500 |
| 001 |
35182 |
| 005 |
20231101210302.0 |
| 010 |
|
|
|a 5256006789
|
| 035 |
|
|
|a (RuTPU)RU\TPU\book\35605
|
| 035 |
|
|
|a BOOK00002257
|
| 090 |
|
|
|a 35182
|
| 100 |
|
|
|a 20011210d1990 m y0rusy50 ca
|
| 101 |
0 |
|
|a rus
|
| 102 |
|
|
|a RU
|
| 105 |
|
|
|a a j 000zy
|
| 200 |
1 |
|
|a Цифровая обработка сигналов
|e учебное пособие
|f Л. М. Гольденберг, Б. Д. Матюшкин, М. Н. Поляк
|
| 205 |
|
|
|a 2-е изд., перераб. и доп.
|
| 210 |
|
|
|a Москва
|c Радио и связь
|d 1990
|
| 215 |
|
|
|a 256 с.
|
| 451 |
|
1 |
|0 (RuTPU)RU\TPU\book\35604
|t Цифровая обработка сигналов
|o учебное пособие
|f Л. М. Гольденберг, Б. Д. Матюшкин, М. Н. Поляк
|c М.
|n Радио и связь
|d 1985
|p 312 с.
|a Гольденберг, Лев Моисеевич
|
| 606 |
1 |
|
|a Сигналы
|x Цифровая обработка
|2 stltpush
|3 (RuTPU)RU\TPU\subj\67734
|9 83426
|
| 610 |
1 |
|
|a дискретные сигналы
|
| 610 |
1 |
|
|a линейные дискретные системы
|
| 610 |
1 |
|
|a теория
|
| 610 |
1 |
|
|a информация
|
| 610 |
1 |
|
|a цифровые устройства
|
| 610 |
1 |
|
|a учебные пособия
|
| 675 |
|
|
|a 621.372.037(075.8)
|v 3
|
| 700 |
|
1 |
|a Гольденберг
|b Л. М.
|g Лев Моисеевич
|
| 701 |
|
1 |
|a Матюшкин
|b Б. Д.
|g Борис Дмитриевич
|
| 701 |
|
1 |
|a Поляк
|b М. Н.
|g Михаил Николаевич
|
| 801 |
|
0 |
|a RU
|b 63413507
|c 20011210
|g PSBO
|
| 801 |
|
2 |
|a RU
|b 63413507
|c 20201010
|g PSBO
|
| 900 |
|
|
|a Математические основы обработки сигналов
|
| 900 |
|
|
|a Цифровые системы управления
|
| 900 |
|
|
|a Обнаружение и фильтрация сигналов в неразрушающем контроле
|
| 942 |
|
|
|c BK
|